BTS Lyrics Songs zuordnen #2 - Statistiken

Allgemein
  • Dieses Quiz wurde 7 mal gespielt
  • Das Durchschnittsergebnis liegt bei 15 aus 20
Antwortstatistiken
Hint Antwort % Korrekt
I'm a new superhero, ________ Anpanman
100%
You must be kiddin' me, you, you must be kiddin' me! Baepsae
100%
_________, like a _________ Butterfly
100%
Love you so bad, love you so bad FAKE LOVE
100%
You can't stop me lovin' myself IDOL
100%
Caught in a ___ Lie
100%
If you want, you can have it all (you can have it all, oh) Like Animals
100%
Did you see my bag? MIC Drop
100%
Everybody say __! N.O
100%
Said you wanted all of me, but what is even all of me? NORMAL
100%
So, I call you "illegirl", ille-e-e-e-e-e-e-girl Dimple
80%
Together, we won't die Not Today
80%
I need your love before I fall, fall (fall) Save Me
60%
Uh, we gonna touch the sky, 'fore the day we die Yet To Come
60%
Maybe I, I can never fly Awake
40%
We are, we are, we are young and wild and free So What
40%
Yeah, I know you always ____ Stay
40%
(Click click, bang bang) we just sing it like We Are Bulletproof Pt. 2
40%
Oh, found my way, ayy, ayy-ayy-ayy-ayy-ayy, ayy, ayy Lost
20%
I'm your _____, I'm your _____ Lights
0%
Keine übereinstimmenden Quizze gefunden
Verteilung der Resultate
Anzahl Personen mit jedem Resultat
Perzentil nach korrekt beantworteten Fragen
Ihre Resultats-Entwicklung
Sie haben dieses Quiz noch nicht gespielt